| 000 | 00488nam a2200181Ia 4500 | ||
|---|---|---|---|
| 008 | 230718s9999 xx 000 0 und d | ||
| 020 | _a9789353067038 | ||
| 041 | _aeng | ||
| 082 |
_a658.3 _bROB |
||
| 100 | _aRobbins S.P. | ||
| 245 | _aOrganizational Behavior | ||
| 250 | _a18th ed. | ||
| 260 |
_c2019 _bPearson |
||
| 300 | _a740 | ||
| 365 |
_cRs. _b949.00 |
||
| 700 |
_aRobbins S.P.; Judge T.A. & Vohra N. _9106424 |
||
| 906 |
_dO:0650513-Aug-2019B:560802-Aug-2019 _cBCOMP _b1660.75 |
||
| 999 |
_c349903 _d349903 |
||